000 01335nam a2200349Ia 4500
001 ebr10350202
003 CaPaEBR
006 m u
007 cr cn|||||||||
008 090621s2009 enka sb 001 0 eng d
020 _z0335223877
020 _z9780335223879
020 _z0335223885 (pbk)
020 _z9780335223886 (pbk.)
040 _aCaPaEBR
_cCaPaEBR
035 _a(OCoLC)646871832
050 1 4 _aQA276.4
_b.P48 2009eb
100 1 _aPevalin, David J.
245 1 4 _aThe Stata survival manual
_h[electronic resource] /
_cPevalin and Robson.
260 _aMaidenhead, Berkshire :
_bOpen University Press,
_c2009.
300 _axiii, 373 p. :
_bill.
504 _aIncludes bibliographical references and index.
533 _aElectronic reproduction.
_bPalo Alto, Calif. :
_cebrary,
_d2010.
_nAvailable via World Wide Web.
_nAccess may be limited to ebrary affiliated libraries.
630 0 0 _aStata.
650 0 _aStatistics
_xData processing.
650 0 _aMathematical statistics
_xData processing.
650 0 _aSocial sciences
_xStatistical methods
_xComputer programs.
655 7 _aElectronic books.
_2local
700 1 _aRobson, Karen.
710 2 _aebrary, Inc.
856 4 0 _uhttp://site.ebrary.com/lib/rucke/Doc?id=10350202
_zAn electronic book accessible through the World Wide Web; click to view
999 _c41896
_d41896